| 000 | 01443nam0a22003131 4500 | ||
|---|---|---|---|
| 001 | RU\INFOCOMM_322\NLR\5000155014 | ||
| 005 | 20250613105714.0 | ||
| 035 | _a(NLR Aleph) 009529394 | ||
| 090 |
_a8877882 _c8877882 |
||
| 100 | _a20130206d1991 |||y0rusy50 ca | ||
| 101 | 0 | _aeng | |
| 102 | _aRU | ||
| 105 | _ay z ||||| | ||
| 200 | 1 |
_aBehavior of the intermittency exponents and a quark-gluon plasma formation in the heavy ions collisions _fB. B. Levtchenko |
|
| 210 |
_aМосква _cНИИ ядер. физики МГУ _d1991 |
||
| 215 |
_a9 с. _d20 см |
||
| 225 | 1 |
_aPreprint _fMoscow state univ., Inst. for nuclear physics _vINP MSU 91-42/246 |
|
| 300 | _aВ вып. дан.: Поведение показателей перемежаемости и образование кварк-глюонной плазмы во взаимодействиях тяжелых ионов / Борис Борисович Левченко | ||
| 300 | _aРез. на рус. яз. | ||
| 320 | _aБиблиогр.: с. 9 | ||
| 606 | 0 |
_aПлазма (физ.) кваркглюонная _xОбразование при столкновении тяжелых ионов _2nlr_sh1 |
|
| 686 |
_aВ383.56 _2rubbk |
||
| 700 | 1 |
_9z01790 _aLevčenko _bB. B. _gBoris Borisovič |
|
| 790 | 1 |
_9z01700 _aLevtchenko _bB. B. _4070 |
|
| 801 | 1 |
_aRU _bInfocomm _c20130206 |
|
| 801 | 0 |
_aRU _bINFOCOMM _gPSBO |
|
| 852 |
_aNLR _jФз01 Д-4/6542 |
||
| 942 | _cBOOK | ||
| 980 | _aNB | ||